Les opérations de banque / (Record no. 49731)

MARC details
000 -LEADER
campo de control de longitud fija 00562nam a2200181 i 4500
001 - NÚMERO DE CONTROL
campo de control 49731
003 - IDENTIFICADOR DE NÚMERO DE CONTROL
campo de control ES-MaACL
005 - FECHA Y HORA DE LA ÚLTIMA TRANSACCIÓN
campo de control 20230906162043.0
007 - CAMPO FIJO DE DESCRIPCIÓN FÍSICA--INFORMACIÓN GENERAL
campo de control de longitud fija t|
008 - DATOS DE LONGITUD FIJA--INFORMACIÓN GENERAL
campo de control de longitud fija 030722s1922 fr ||||1| fre d
100 1# - ENTRADA PRINCIPAL--NOMBRE DE PERSONA
Nombre de persona Courcelle Seneuil, J.G.
9 (RLIN) 41267
245 14 - MENCIÓN DEL TÍTULO
Título Les opérations de banque /
Mención de responsabilidad, etc. par J.G. Courcelle Seneuil.
250 ## - MENCION DE EDICION
Mención de edición 2em ed. rev. et mise a jour
Resto de la mención de edición par André Liesse.
260 ## - PUBLICACIÓN, DISTRIBUCIÓN, ETC.
Lugar de publicación, distribución, etc. [S.l. :
Nombre del editor, distribuidor, etc. s.n.],
Fecha de publicación, distribución, etc. 1922 (
Lugar de fabricación/manufactura Laval :
Fabricante Barneond)
300 ## - DESCRIPCIÓN FÍSICA
Extensión XVIII, 754 p. ;
Dimensiones 23 cm.
700 1# - ENTRADA AGREGADA--NOMBRE PERSONAL
Nombre de persona Liesse, André.
9 (RLIN) 72259
852 ## - LOCALIZACIÓN
Ubicación ES-MaACL
Número de control de estantería F-5507
Sublocalización o colección R.5036
Holdings
Estatus retirado Estado de pérdida Estado de daño No para préstamo Biblioteca de origen Biblioteca actual Ubicación en estantería Fecha de adquisición Fuente de adquisición Total de préstamos Signatura topográfica completa Código de barras Visto por última vez Precio de reemplazo Tipo de ítem Koha
        Biblioteca del Ateneo de Madrid Biblioteca del Ateneo de Madrid Depósito 2 17/01/2008     F-5507 1052325 23/02/2023 23/02/2023 Libro impreso